Manual de calçada portuguesa = The portugueses pavements hanbook (Registo nº 197958)

Detalhes MARC
000 -Etiqueta do registo
Valores 00629nam 22001813 4500
021 ## - Número do Depósito Legal
Número 301107/09
100 ## - Dados gerais de processamento
Dados gerais 20250918d u||y0pory50 ba
200 ## - Titulo e menção de responsabilidade
Título próprio Manual de calçada portuguesa = The portugueses pavements hanbook
Primeira menção de responsabilidade António Manuel Esteves Henriques, António A.Casal Moura, Fernando Amado Santos
210 ## - Publicação
Local de publicação Lisboa
Nome do editor Direcção Geral de Energia e Geologia
Data de publicação 2009
215 ## - Descrição física 
Paginação / Volumes 175 p.
Outras indicações físicas encadernado
Dimensões 25 cm
606 ## - Nome comum usado como assunto
ID Autoridade 4610
Palavra de ordem Urbanismo
675 ## - CDU
Notação 71
Edição PT
Língua por
700 ## - Autor principal (pessoa individual)
ID Autoridade 13981
Apelido Henriques
Nome António Manuel Esteves
801 ## - Fonte de origem
País PT
Agência BMMN
Regras de catalogação RPC
830 ## - Notas gerais do catalogador
Criado por Fernando
Indexado por Fernando
990 ## - Elementos KOHA
Tipo de documento Livro
Exemplares
Situação do levantamento Biblioteca de origem Código de barras Cota Permissão de empréstimo Tipo de documento Forma de aquisição
  Biblioteca Municipal de Montemor-o-Novo 26148 71 HEN|LG   Livro Compra

Powered by Koha